000 00592nam a2200241Ia 4500
003 OSt
005 20220928135855.0
006 a|||||r|||| 00| 0
007 ta
008 220927b |||||||| |||| 00| 0 eng d
024 _a5231
037 _cTextual
040 _aSDCL
_cSDCL
_beng
041 _2eng
_aeng
082 _aA:F, P2
100 _aBlaxter Loraine
_9493002
245 0 _aHow to research.
250 _a2
260 _c2002
700 _a Hughes Christina
_9493003
942 _hA:F, P2
_cTEXL
_2CC
999 _c808726
_d808726